| 000 | 00410nam a2200145Ia 4500 | ||
|---|---|---|---|
| 008 | 230511s2004 xx 000 0 und d | ||
| 020 | _a81-291-0319-2 | ||
| 041 | _aeng | ||
| 082 | _a781.6909225 | ||
| 100 | _aRoy Ashok | ||
| 245 | _aMusic Makers- Living Legends of Indian Classical Music | ||
| 260 |
_aNew Delhi _bRupa & Co. New Delhi _c2004 |
||
| 300 | _a334HB 25X24 cm | ||
| 650 | _aWorking with Sound (P) | ||
| 999 |
_c354919 _d354919 |
||